Central Library OPAC University of Rajshahi

Psychological differentiation : (Record no. 53949)

MARC details
000 -LEADER
fixed length control field 00716nam a2200241 a 4500
001 - CONTROL NUMBER
control field 53949
003 - CONTROL NUMBER IDENTIFIER
rucl marc code BD-RjUL
005 - DATE AND TIME OF LATEST TRANSACTION
control field 20211209080041.0
008 - FIXED-LENGTH DATA ELEMENTS--GENERAL INFORMATION
fixed length control field 161030s1962 enka b 001 0 eng
035 ## - SYSTEM CONTROL NUMBER
System control number (BD-RjUL)54071
040 ## - CATALOGING SOURCE
Original cataloging agency DLC
Transcribing agency IDeKN
Modifying agency OCoLC
-- BD-RjUL
Language of cataloging eng
041 ## - LANGUAGE CODE
Language code of text/sound track or separate title eng
082 ## - DEWEY DECIMAL CLASSIFICATION NUMBER
Classification number 155.4
Edition number 23
Author mark and year PSY 1962
245 10 - TITLE STATEMENT
Title Psychological differentiation :
Remainder of title studies of development /
Statement of responsibility, etc. H.A. Witkin [...et.al]
260 ## - PUBLICATION, DISTRIBUTION, ETC. (IMPRINT)
Place of publication, distribution, etc. New York :
Name of publisher, distributor, etc. Wiley,
Date of publication, distribution, etc. c1962
300 ## - PHYSICAL DESCRIPTION
Pagination xii, 418 p. ;
Illustrations ill. ;
Size 24 cm.
500 ## - GENERAL NOTE
General note Includes index
650 #0 - SUBJECT ADDED ENTRY--TOPICAL TERM
Topical term or geographic name as entry element Genetic psychology.
9 (RLIN) 161100
Topical term or geographic name as entry element Child Development.
9 (RLIN) 161101
700 ## - ADDED ENTRY--PERSONAL NAME
Personal name Witkin, H.A. [...et.al]
942 ## - ADDED ENTRY ELEMENTS (KOHA)
Source of classification or shelving scheme Dewey Decimal Classification
Koha item type Books
Holdings
Lost status Source of classification or shelving scheme Damaged status Not for loan Collection code Permanent Location Current Location Shelving location Date acquired Source of acquisition Cost, normal purchase price Total Checkouts Full call number Date last seen Copy number Koha item type
  Dewey Decimal Classification     Non-fiction Central Library, University of Rajshahi Central Library, University of Rajshahi   11/02/1965 Zeitlinger 60.00   155.4 PSY 1962 30/10/2016 C-2 Books
  Dewey Decimal Classification   Not For Loan Non-fiction Central Library, University of Rajshahi Central Library, University of Rajshahi Reading Room 09/07/1964 Zeitlinger 60.00   155.4 PSY 1962 28/03/2017 C-1 Books